Web design: Flash Sites

Guardado en:
Detalles Bibliográficos
Otros Autores: Wiedemann, Julius (Editor)
Formato: Libro
Lenguaje:inglés
Publicado: Kolín : Taschen, 2007
Materias:
Etiquetas: Agregar Etiqueta
Sin Etiquetas, Sea el primero en etiquetar este registro!

MARC

LEADER 00000nam a22000003a 4500
001 stu137517
005 20150617225921.2
008 070131s2007------------------------eng-d
020 |a 3-8228-4047-5 
040 |a STU  |b slo 
041 0 |a eng 
100 1 |a Wiedemann, Julius  |4 edt 
245 1 |a Web design: Flash Sites 
260 |a Kolín :  |b Taschen,  |c 2007 
300 |a 191 s 
650 7 |a dizajn  |2 stusub 
650 7 |a webové stránky  |2 stusub 
996 |b 284AU03411  |c A*5209 U  |l AAKNAR  |s A  |a 24  |w stu137517_0001